000 00683nam a2200265Ia 4500
008 170203s9999 xx 000 0 und d
020 _a0-06072285
050 _aFic
050 _b.D658g 2004
100 _aDokey, Cameron.
245 _aEverything I want /
245 _cCameron Dokey.
260 _aNew York :
260 _bHarper Entertainment
260 _c2004
300 _a132 pages;
300 _c20 cm.
440 _a Graduation summer
650 _a Olsen, Mary-Kate, -- 1986- --
650 _aOlsen, Ashley, -- 1986- --
650 _aTeenage girls --
650 _xJuvenile fiction.
650 _xJuvenile fiction.
650 _xJuvenile fiction.
999 _c306153
_d306153